书目信息 |
| 题名: |
葛洪
|
|
| 作者: | 王作良 著 | |
| 分册: | ||
| 出版信息: | 西安 陕西师范大学出版社 2017 |
|
| 页数: | 153页 | |
| 开本: | 24cm | |
| 丛书名: | “大家精要”丛书 | |
| 单 册: | ||
| 中图分类: | B235.75 | |
| 科图分类: | ||
| 主题词: | ||
| 电子资源: | ||
| ISBN: | 978-7-5613-7313-2 | |
| 000 | 00876oam2 2200241 450 | |
| 001 | 7162 | |
| 005 | 20180605095419.43 | |
| 010 | @a978-7-5613-7313-2@dCNY20.00 | |
| 100 | @a20170619d2017 em y0chiy50 ea | |
| 101 | 0 | @achi |
| 102 | @aCN@b610100 | |
| 105 | @ay z 000yb | |
| 200 | 1 | @a葛洪@9ge hong@f王作良著 |
| 210 | @a西安@c陕西师范大学出版社@d2017 | |
| 215 | @a153页@d24cm | |
| 225 | 1 | @a“大家精要”丛书@h第一辑 |
| 330 | @a两晋之际学者葛洪,是道教金丹道派的代表性人物。他更是一位医学家,他的勤劳聪慧帮助他开拓了医学上的新领域,并在临床急症医学方面作出了突出的贡献。本书简要介绍了葛洪青年、中年的经历,着重介绍了其著作《抱朴子》及其德政与法律并重的治国纲领。 | |
| 461 | 0 | @12001 @a“大家精要”丛书 |
| 600 | 0 | @a葛洪@f(284-386)@x传记 |
| 690 | @aB235.75@v5 | |
| 701 | 0 | @a王作良@9wang zuo liang@4著 |
| 801 | 0 | @aCN@b91MARC@c20170619 |
| 905 | @aMuseLib@dB235.75@e20 | |
| 葛洪/王作良著.-西安:陕西师范大学出版社,2017 |
| 153页;24cm.-(“大家精要”丛书.第一辑) |
| ISBN 978-7-5613-7313-2:CNY20.00 |
| 两晋之际学者葛洪,是道教金丹道派的代表性人物。他更是一位医学家,他的勤劳聪慧帮助他开拓了医学上的新领域,并在临床急症医学方面作出了突出的贡献。本书简要介绍了葛洪青年、中年的经历,着重介绍了其著作《抱朴子》及其德政与法律并重的治国纲领。 |
| ● |
| 相关链接 |
|
|
|
|
正题名:葛洪
索取号:B235.75/20
 
预约/预借
| 序号 | 登录号 | 条形码 | 馆藏地/架位号 | 状态 | 备注 |
| 1 | 1116713 | 211167137 | 第一样本阅览室/ [索取号:B235.75/20] | 在馆 | |
| 2 | 1116714 | 211167146 | 教育系资料室/ [索取号:B235.75/20] | 在馆 | |
| 3 | 1116715 | 211167155 | 教育系资料室/ [索取号:B235.75/20] | 在馆 | |
| 4 | 1116716 | 211167164 | 第一借阅区/ [索取号:B235.75/20] | 在馆 |